Hilal October-2011 (Record no. 197732)
[ view plain ]
| 000 -LEADER | |
|---|---|
| fixed length control field | 00721 a2200169 4500 |
| 003 - CONTROL NUMBER IDENTIFIER | |
| control field | Nust |
| 005 - DATE AND TIME OF LATEST TRANSACTION | |
| control field | 20170207154438.0 |
| 040 ## - CATALOGING SOURCE | |
| Transcribing agency | Nust |
| 082 ## - DEWEY DECIMAL CLASSIFICATION NUMBER | |
| Classification number | 050 |
| 100 ## - MAIN ENTRY--PERSONAL NAME | |
| Personal name | Maj Gen Athar Abbas,HI(M) |
| 245 ## - TITLE STATEMENT | |
| Title | Hilal October-2011 |
| Statement of responsibility, etc. | Maj Gen Athar Abbas,HI(M) |
| 250 ## - EDITION STATEMENT | |
| Edition statement | 4, Volume 48 |
| 260 ## - PUBLICATION, DISTRIBUTION, ETC. | |
| Place of publication, distribution, etc. | Rawalpindi,Pakistan |
| Name of publisher, distributor, etc. | ISPR Dte |
| Date of publication, distribution, etc. | October-2011 |
| 300 ## - PHYSICAL DESCRIPTION | |
| Extent | English-42 & Urdu-54p; |
| 505 ## - FORMATTED CONTENTS NOTE | |
| Formatted contents note | Pak-China Friendship year (Page-4) World Teacher’s Day Special (Page-13) Economic Profile (Page-17) Food for Thought (page-16) Serious Notes (Page-19) Valiant Heroes (Page-23) Flods-2011 (Page-27) Why Don’t We Learn from History? (Page-29) Health Watch (Page-30) News & Updates (Page-36) |
| 538 ## - SYSTEM DETAILS NOTE | |
| System details note | Almirah No.137 Shelf No.5 |
| 942 ## - ADDED ENTRY ELEMENTS (KOHA) | |
| Koha item type | |
| Withdrawn status | Lost status | Source of classification or shelving scheme | Damaged status | Not for loan | Collection code | Permanent Location | Current Location | Date acquired | Total Checkouts | Full call number | Barcode | Date last seen | Price effective from | Koha item type |
|---|---|---|---|---|---|---|---|---|---|---|---|---|---|---|
| Military College of Signals (MCS) | Military College of Signals (MCS) | 12/12/2016 | 050 ABB | MCSP-33/53 | 12/08/2016 | 12/12/2016 | Book |
